| 000 | 00760cam a2200217 4500 | ||
|---|---|---|---|
| 001 | ABS65151 | ||
| 008 | 020301n2002 000 0 eng u | ||
| 035 | _a(Sirsi) u116953 | ||
| 100 | _aBrown, E. | ||
| 245 | 2 | _aA means to track the new beasts | |
| 260 | _c2002 | ||
| 490 |
_aEstates Gazette _v(0208) 23 February 2002, 60-61(2) |
||
| 520 | _aInvestigates a new service, the Remuneration Consultancy Service, from Investment Property Databank which enables managers to track the performance of real estate funds, worth £120bn in the UK. | ||
| 590 | _aABS | ||
| 650 | _aINVESTMENT | ||
| 650 | _aIPD | ||
| 650 | _aREAL ESTATE | ||
| 650 | _aINVESTMENT PROPERTY DATABANK | ||
| 690 | _aMANAGEMENT-BUSINESS MANAGEMENT-FINANCIAL MANAGEMENT | ||
| 942 | _n0 | ||
| 999 |
_c69659 _d69659 |
||